[Event "Linares"]
[Site "14"]
[Date "1997.??.??"]
[Round "9"]
[White "Kramnik, Vladimir"]
[Black "Dreev, Alexey"]
[Result "1-0"]
[WhiteElo "2740"]
[BlackElo "2650"]
[Annotator "JvR"]
[PlyCount "131"]
[EventDate "1997.??.??"]

1. Nf3 d5 2. d4 Nf6 3. c4 c6 4. Nc3 e6 5. e3 Nbd7 6. Qc2 Bd6 7. Bd3 O-O 8. O-O
Qe7 9. c5 Bc7 10. e4 dxe4 11. Nxe4 Nd5 $6 ({Preferable is} 11... h6 {
(Dautov-Shirov, Bundesliga 1996).}) 12. Bd2 Rd8 13. Rae1 f6 14. Nd6 $1 Nf8 15.
Nxc8 Raxc8 16. Re4 Qf7 17. Rfe1 Re8 18. b4 {White can change his strategy to
an attack on the queenside, because Black has a passive game.} a6 19. a4 Ra8
20. g3 Qd7 21. Bc4 Reb8 22. Rb1 Rd8 23. Ree1 Ng6 24. Bd3 Nf8 25. Bf1 Ng6 26. b5
axb5 27. axb5 Ra3 28. Rb3 Rda8 29. Bc1 Ra1 30. Bb2 Rxe1 31. Nxe1 e5 $5 32. Nf3
exd4 33. Nxd4 Be5 34. Qf5 Qxf5 35. Nxf5 Nge7 36. Nxe7+ Nxe7 37. Bc4+ Kf8 $2 {
Dreev blunders under time pressure.} (37... Nd5 $1 38. Bxe5 fxe5 39. Rd3 Rd8 {
(Kramnik)} 40. Re3 $1 Re8 41. Ra3 Kf8 42. Ra7 Rb8 {and White exerts pressure.})
38. Bxe5 fxe5 39. Rf3+ $1 Ke8 40. Bf7+ Kf8 41. Ba2+ Ke8 42. Bf7+ Kf8 43. Be6+
Ke8 44. Rf7 $1 cxb5 45. Rxg7 h6 46. Rh7 Ra1+ 47. Kg2 Kf8 48. Rf7+ Ke8 49. Rh7
Kf8 50. Rf7+ Ke8 51. Rf6 Ra6 52. Rxh6 Ng8 53. Rg6 Ke7 54. Rxg8 Kxe6 55. Rb8 Ra7
56. Rd8 Ra6 57. Rb8 Ra7 58. h4 b4 59. Rd8 $1 Ra6 60. h5 Rc6 61. h6 Rc7 62. Rd6+
Kf5 63. Rb6 Kg5 64. Kf3 $1 b3 65. Ke4 Re7 66. Kd5 {The arrival by the white
king in the centre decides the game.} 1-0

[Event "Linares"]
[Site "14"]
[Date "1997.??.??"]
[Round "10"]
[White "Shirov, Alexei"]
[Black "Kasparov, Gary"]
[Result "0-1"]
[WhiteElo "2690"]
[BlackElo "2795"]
[Annotator "JvR"]
[PlyCount "76"]
[EventDate "1997.??.??"]

1. e4 c5 2. Nf3 d6 3. d4 cxd4 4. Nxd4 Nf6 5. Nc3 a6 6. Be3 Ng4 7. Bg5 h6 8. Bh4
g5 9. Bg3 Bg7 10. Be2 h5 11. Bxg4 Bxg4 12. f3 Bd7 13. O-O Nc6 14. Bf2 e6 $5 15.
Nce2 $6 ({Better is} 15. Nxc6 Bxc6 16. Bd4 Be5 {(Short-Topalov, Novgorod 1997).
}) 15... Ne5 16. b3 g4 17. f4 h4 $1 18. Be3 ({Or} 18. fxe5 dxe5 19. Be3 exd4
20. Nxd4) 18... h3 19. g3 Nc6 20. Qd3 O-O 21. Rad1 f5 22. c4 Qa5 23. Nc3 ({
Kasparov prefers the prudent} 23. Qd2 $1) 23... Rae8 24. Rfe1 $2 ({Right is} 
24. Nde2 Rf7 {(Kasparov)} 25. exf5 $1 exf5 26. Bf2) 24... e5 $1 25. Nxc6 Bxc6
26. b4 $5 Qa3 $5 27. b5 exf4 28. Bxf4 axb5 29. cxb5 {The win is still hard to
achieve.} Qc5+ $2 ({The advantage is kept by} 29... Qxc3 $1 30. bxc6 bxc6 31.
Qxc3 Bxc3 32. Re3 Ba5 $1) 30. Be3 $2 ({New chances result from} 30. Re3 $1 Bxe4
31. Bxd6 $1 Bxd3 32. Bxc5 Rxe3 33. Bxe3 Bc4 34. Bd4 {(Kasparov).}) 30... Qxc3
31. bxc6 Qxc6 32. Qxd6 Qxe4 33. Qd5+ Qxd5 34. Rxd5 Bc3 35. Re2 Re4 36. Kf2 Rfe8
37. Rd3 Bf6 38. Red2 Rxe3 $1 {The leaders had scored 7 1/2 points.} ({Black
wins by} 38... Rxe3 39. Rxe3 Rxe3 40. Kxe3 Bg5+ 41. Ke2 Bxd2 42. Kxd2 f4 $1)
0-1

[Event "Linares"]
[Site "14"]
[Date "1997.??.??"]
[Round "11"]
[White "Kasparov, Gary"]
[Black "Kramnik, Vladimir"]
[Result "1-0"]
[WhiteElo "2795"]
[BlackElo "2740"]
[Annotator "JvR"]
[PlyCount "113"]
[EventDate "1997.??.??"]

1. d4 Nf6 2. c4 e6 3. Nc3 Bb4 4. e3 O-O 5. Bd3 c5 6. Nf3 d5 7. O-O Nc6 8. a3
Bxc3 9. bxc3 dxc4 10. Bxc4 Qc7 11. Ba2 b6 $6 ({The main line is} 11... e5) 12.
Re1 e5 13. e4 Bg4 $5 14. dxc5 bxc5 {The two bishops give a plus.} 15. h3 Rad8
16. Qe2 Bxf3 17. Qxf3 Rd6 18. Bg5 $1 h6 19. Bh4 Rfd8 20. Rab1 Ne7 $1 21. Bc4
Nc8 22. Bg3 Nb6 23. Bb5 Re6 24. a4 c4 $1 25. Qe2 Rd3 26. a5 {Both players try
to apply the solid positional play that they have learned in the Botvinnik
school.} Nc8 $5 ({The counter} 26... Qc5 $1 27. axb6 $5 Rxb6 28. Bxc4 Rxg3 29.
Rxb6 axb6 30. Qd2 b5 31. Qd8+ Kh7 32. Qa5 Kg6 $1 {draws.}) 27. Rb4 Rxc3 28.
Rxc4 Rxc4 ({Not} 28... Qxa5 $2 29. Qd2 $1) 29. Qxc4 Qb8 $2 ({Correct is} 29...
Qxa5 30. Qxc8+ Kh7 31. Rb1 Rb6 32. Qf5+ Kg8 33. Rc1 Qxb5 34. Rc8+ Ne8 35. Qxe5
Qxe5 36. Bxe5 Re6 {(Kasparov).}) 30. Qc5 Nd6 31. Bd3 Nd7 32. Qa3 Nf8 33. Rb1
Qc7 34. Rc1 Qd8 35. a6 Ng6 36. Qc5 Re7 37. f3 Ne8 38. Bf1 Rc7 39. Qe3 Rd7 40.
Kh2 Re7 $6 (40... Nd6 $1 {offers more resistance.}) 41. Rc6 Kh7 42. Qc1 Nc7 43.
Qc3 Qd7 44. Rc5 Qd6 45. Bf2 Ne6 46. Rd5 Qb8 47. Rb5 Qd6 48. Rb7 $1 Nd4 49. Qb4
Qf6 50. Qc5 Nc6 51. Be3 Re6 52. Bc4 Re7 53. Bd5 Nd4 54. Rxa7 Rxa7 55. Qxa7 Ne7
56. Bc4 h5 57. Qc5 {Kasparov had won the tournament, one point before Kramnik.}
1-0

[Event "Linares"]
[Site "15"]
[Date "1998.??.??"]
[Round "1"]
[White "Kramnik, Vladimir"]
[Black "Ivanchuk, Vassily"]
[Result "1/2-1/2"]
[WhiteElo "2790"]
[BlackElo "2740"]
[Annotator "JvR"]
[PlyCount "116"]
[EventDate "1998.??.??"]

1. Nf3 Nc6 2. d4 d5 3. Bf4 Bg4 4. e3 e6 5. c4 Bb4+ 6. Nc3 Nf6 7. Rc1 O-O 8. h3
Bxf3 9. Qxf3 Qe7 $6 10. Bg5 Bxc3+ 11. Rxc3 Qb4 $1 12. Bxf6 Qxb2 13. Rb3 $1 Qc1+
14. Qd1 Qxd1+ 15. Kxd1 dxc4 16. Rxb7 gxf6 {White has rerached a fine endgame.}
17. Kd2 $6 ({A great advantage keeps} 17. Bxc4 $1 Rab8 18. Rxb8 Rxb8 19. Kc2)
17... Rab8 $1 18. Rxc7 Na5 19. Kc2 Rb4 20. Rxa7 Ra4 21. Rxa5 $1 Rxa5 22. Bxc4
h5 23. h4 Rc8 24. Kd3 Rxc4 $1 25. Kxc4 Rxa2 {Black will outlive the rook
ending.} 26. Rf1 f5 27. d5 Kf8 28. dxe6 fxe6 29. Kd4 Ke7 30. Ke5 Ra4 31. f3
Ra5+ $1 32. Kf4 Ra2 33. Rb1 Kf6 $1 34. Kg3 Re2 $1 {Pressure on the weaknesses
draws.} 35. Rb3 e5 36. Rb6+ Kg7 37. Rb3 Kf6 38. Ra3 Kg6 39. Kh3 Kf6 40. g4
hxg4+ 41. fxg4 fxg4+ 42. Kxg4 Kg6 43. h5+ Kh6 44. Ra6+ Kh7 45. Ra3 Kh6 46. Kf5
e4 47. Kxe4 Kxh5 48. Kf5 Rf2+ 49. Ke6 Re2 $1 50. Kf5 Rf2+ 51. Ke5 Kg6 52. e4
Rb2 53. Ra7 Rb5+ 54. Ke6 Rb6+ 55. Ke7 Rb5 56. Ra6+ Kg5 57. Re6 Kf4 58. Kf6 Rh5
1/2-1/2

[Event "Linares"]
[Site "15"]
[Date "1998.??.??"]
[Round "1"]
[White "Shirov, Alexei"]
[Black "Anand, Viswanathan"]
[Result "0-1"]
[WhiteElo "2710"]
[BlackElo "2770"]
[Annotator "JvR"]
[PlyCount "110"]
[EventDate "1998.??.??"]

1. e4 c6 2. d4 d5 3. e5 Bf5 4. Nf3 e6 5. Be2 c5 6. Be3 cxd4 7. Nxd4 Ne7 8. c4
Nbc6 9. Nc3 Nxd4 10. Bxd4 dxc4 11. Bxc4 Nc6 12. Bb5 Be7 13. O-O O-O 14. Bxc6
bxc6 15. Ne2 c5 16. Bc3 Qb6 17. Ng3 Bg6 18. Qg4 Rad8 19. h4 h6 20. h5 Bh7 21.
f4 $6 c4+ 22. Kh2 Bb4 23. f5 exf5 24. Nxf5 Bxf5 25. Rxf5 Bxc3 26. bxc3 Qe6 27.
Raf1 Rfe8 28. R1f4 Rd5 29. Re4 Re7 30. Qf4 Rc7 31. Rxc4 $2 ({Correct is} 31.
Qf2 Rd3 32. Rf3 {(Anand).}) 31... Qxf5 32. Qxf5 Rxc4 {Black will win the weak
pawns.} 33. Qb1 Rd8 34. Qb7 Rxc3 35. Qxa7 Rcc8 36. a4 Ra8 37. Qc7 Rdc8 38. Qb7
Re8 39. Qc6 Rac8 40. Qd7 Rcd8 41. Qc7 ({Little difference makes} 41. Qb5 Re6
42. a5 Ra8 {and 43...Rea6.}) 41... Rd5 42. a5 Rdxe5 43. a6 R5e7 44. Qc6 Rf8 $1
45. Kh3 Ra7 46. g4 Rfa8 47. Kh4 Rxa6 48. Qb7 Ra5 49. Qc6 Rf8 50. Qb6 Rg5 51.
Qb3 Kh8 52. Qb4 Re8 53. Qa4 Rd8 54. Qe4 f5 55. gxf5 Rf8 0-1

[Event "Linares"]
[Site "15"]
[Date "1998.??.??"]
[Round "2"]
[White "Anand, Viswanathan"]
[Black "Svidler, Peter"]
[Result "1-0"]
[WhiteElo "2770"]
[BlackElo "2690"]
[Annotator "JvR"]
[PlyCount "83"]
[EventDate "1998.??.??"]

1. e4 g6 2. d4 Bg7 3. Nc3 d6 4. Be3 a6 5. Nf3 b5 6. Bd3 Nd7 7. e5 Bb7 (7... e6
{originates from Fishbein - Hansen, Kerteminde 1991.}) 8. e6 fxe6 9. Ng5 Nf8
10. O-O Nf6 11. Re1 Qd7 12. Bd2 $5 h6 $5 13. Nf3 Rb8 14. a4 b4 15. Ne4 Nxe4 16.
Bxe4 Bxe4 17. Rxe4 Qc6 18. Re3 Qc4 19. c3 $1 b3 20. Re1 $1 {White will attack
pawn b3 eventually.} g5 21. Be3 $1 Qd5 22. Qd3 a5 23. Ra3 Kf7 24. Nd2 Ng6 25.
Qe2 Nh4 26. f3 Ng6 27. c4 Qf5 28. Ne4 $1 {White threatens 29.g4.} Kg8 29. Qd1
Rb4 $2 ({Equality keeps} 29... g4 $1 {(Svidler).}) 30. Rxb3 Rxc4 31. Rb5 Qf7
32. Rxa5 Kh7 33. Rb5 d5 $2 ({Better is} 33... Ra8 34. b3 Rc6) 34. Nc5 $1 Qf5
35. b3 Rc3 36. Qd2 Rc2 37. g4 $1 Nh4 38. gxf5 Nxf3+ 39. Kh1 Nxd2 40. Re2 Nc4
41. Rxc2 Nxe3 42. Re2 1-0

[Event "Linares"]
[Site "15"]
[Date "1998.??.??"]
[Round "2"]
[White "Ivanchuk, Vassily"]
[Black "Shirov, Alexei"]
[Result "0-1"]
[WhiteElo "2740"]
[BlackElo "2710"]
[Annotator "JvR"]
[PlyCount "60"]
[EventDate "1998.??.??"]

1. e4 e5 2. Nf3 Nc6 3. Bc4 Bc5 4. c3 Nf6 5. d3 d6 6. Qe2 Bb6 7. Bg5 h6 8. Bh4
Qe7 9. Nbd2 g5 10. Bg3 Bg4 11. Nf1 Nh5 12. Bb5 Nf4 13. Bxf4 gxf4 14. N1d2 Rg8
15. g3 fxg3 16. fxg3 O-O-O 17. a4 Nb8 18. a5 Bc5 19. Bc4 a6 20. h3 Be6 21. g4
Nd7 22. Bxa6 $5 bxa6 23. d4 Nb8 24. dxc5 dxc5 25. O-O-O Qe8 26. Nxe5 Qa4 27.
Rhf1 Rge8 $1 28. c4 $5 (28. Nxf7 Qa1+ 29. Kc2 Qa4+ {leads to perpetual check 
(Svidler).}) 28... Rd4 {Ivanchuk collapses completely.} 29. Kb1 $2 ({Better is
} 29. Qf3 Nd7 30. Nxd7 Bxd7 31. Qc3) 29... Red8 30. Rf3 $4 ({Shirov prefers} 
30. b3 Qb4 31. Kc2 Qxa5) 30... Rxe4 0-1

[Event "Linares"]
[Site "15"]
[Date "1998.??.??"]
[Round "2"]
[White "Topalov, Veselin"]
[Black "Kramnik, Vladimir"]
[Result "0-1"]
[WhiteElo "2740"]
[BlackElo "2790"]
[Annotator "JvR"]
[PlyCount "96"]
[EventDate "1998.??.??"]

1. d4 Nf6 2. c4 e6 3. Nf3 d5 4. Nc3 Be7 5. Bg5 h6 6. Bh4 O-O 7. e3 b6 8. Be2
Bb7 9. Bxf6 Bxf6 10. cxd5 exd5 11. b4 c6 12. O-O a5 13. b5 c5 14. Re1 $5 Re8
15. Rc1 Nd7 16. g3 Nf8 17. Na4 c4 $1 {The closed position favours Black. He
has gained territory.} 18. Bf1 Qd6 19. Bg2 Rad8 20. h4 Ne6 21. Nc3 g6 22. Nd2 {
White threatens 23.Nxc4!} Ba8 23. h5 g5 24. Nf1 Be7 25. g4 $2 {The kingside is
weakened.} Qd7 26. Ng3 Ng7 27. a4 Bb4 28. Bh3 Bb7 29. Qc2 Bd6 $1 30. Nf5 Nxf5
31. gxf5 {White has won the battle for f5 at the cost of weaknesses.} Bb4 32.
Kg2 Qd6 33. f3 Re7 34. Re2 Rde8 35. Rce1 Qf6 36. Bg4 Bd6 37. Qd1 Bb4 38. Qc2
Rd8 39. Rd1 Bc8 40. e4 $2 (40. Na2 Rde8 41. Kf2 Qd6 42. Rh1 {brings passivity 
(Kramnik).}) 40... Bxc3 41. e5 ({Black wins the struggle in} 41. Qxc3 dxe4 42.
Rxe4 Rxe4 43. fxe4 Bb7 44. Qe3 Qe7 45. Re1 Re8 46. Bf3 g4 $1 47. Bxg4 Qxe4+ 48.
Qxe4 Rxe4 49. Rxe4 Bxe4+) 41... Rxe5 $1 {Kramnik strikes with an enormous
strength.} 42. dxe5 Bxe5 {The connected pawns in the central area decide the
game.} 43. Rde1 Bc7 44. Re8+ Kg7 45. Rxd8 Bxd8 46. Rd1 Bb7 47. f4 $5 d4+ 48.
Bf3 d3 $1 (48... d3 49. Qxc4 Qb2+ 50. Kg3 Bxf3 51. Kxf3 Qe2+ {(Kramnik).}) 0-1

[Event "Linares"]
[Site "15"]
[Date "1998.??.??"]
[Round "3"]
[White "Kasparov, Gary"]
[Black "Anand, Viswanathan"]
[Result "1-0"]
[WhiteElo "2825"]
[BlackElo "2770"]
[Annotator "JvR"]
[PlyCount "69"]
[EventDate "1998.??.??"]

1. e4 c6 2. d4 d5 3. Nd2 dxe4 4. Nxe4 Nd7 5. Ng5 Ngf6 6. Bd3 e6 7. N1f3 Bd6 8.
Qe2 h6 9. Ne4 Nxe4 10. Qxe4 Qc7 11. Qg4 Rg8 $5 {Anand brings a novelty.} 12.
Nd2 (12. Bxh6 Nf6 13. Qg5 Bf8 $1 14. Qf4 Bd6 15. Qg5 Bf8 {draws.}) 12... Nf6
13. Qf3 e5 14. dxe5 Bxe5 15. Nc4 Be6 16. Bd2 $5 {Kasparov wants to win.} O-O-O
({Equality keeps the courageous} 16... Bxc4 17. Bxc4 Bxb2 18. Qe3+ {(Kasparov)}
Qe5) 17. O-O-O Nd7 18. Rhe1 Rge8 19. Kb1 g5 $6 20. h4 $1 Bf4 $6 21. Bxf4 gxf4
22. Bf5 $1 {Black's kingside has been ruined.} Nf8 23. Qh5 $1 Kb8 24. Bxe6 Nxe6
25. a4 $5 {Kasparov will not capture an extra pawn three times.} Qe7 26. Qe5+
Qc7 27. Qh5 Qe7 28. b3 Qf6 29. Ne5 Re7 30. Ng4 Rxd1+ 31. Rxd1 Qg7 32. f3 $5 Re8
33. Qf5 $5 Ka8 $6 ({Strong resistance offers} 33... Kc8 $1 34. Nf6 Re7 35. Qe5
Rc7 $1) 34. h5 Rf8 $2 35. Rd7 ({The battle on the right side is won by} 35. Rd7
Qg5 36. Qxg5 hxg5 37. h6) 1-0

[Event "Linares"]
[Site "15"]
[Date "1998.??.??"]
[Round "3"]
[White "Shirov, Alexei"]
[Black "Topalov, Veselin"]
[Result "1-0"]
[WhiteElo "2710"]
[BlackElo "2740"]
[Annotator "JvR"]
[PlyCount "67"]
[EventDate "1998.??.??"]

1. e4 c5 2. Nf3 e6 3. d4 cxd4 4. Nxd4 a6 5. Bd3 Qb6 6. Nb3 Qc7 7. Qe2 Nf6 8.
Nc3 d6 9. f4 Be7 10. e5 dxe5 11. fxe5 Nfd7 12. Bf4 Nc6 13. O-O Ndxe5 14. Rae1
Qb6+ 15. Kh1 Nxd3 16. Qxd3 O-O 17. Qg3 $1 Kh8 $2 18. Bc7 Qa7 19. Na4 f6 20. Bb6
Qb8 21. Bc7 Qa7 22. Nb6 e5 23. Nxa8 Qxa8 24. Rd1 Re8 25. Bd6 Bd8 26. Nc5 $6 b6
27. Ne4 $6 Nd4 28. Bxe5 $5 Nf5 $1 ({Not} 28... Rxe5 $4 29. Qxe5 fxe5 30. Rf8#)
29. Qg4 $1 {White starts another attack.} Ne3 $6 ({Shirov advices} 29... fxe5
30. Rxf5 Be7 31. Qf3 Bxf5 32. Qxf5) 30. Qh5 $1 {He has set the board on fire.}
Rg8 $2 ({The drastic finish} 30... Rf8 $2 31. Qf7 $3 Rg8 32. Rxd8 $1 Rxd8 33.
Bxf6 {brings Tal-Smyslov, Bled 1959 into memory.}) ({Correct is} 30... Qc6 $1
31. Rd6 (31. Rxd8 $2 Rxd8 32. Nxf6 $2 Qxg2#) 31... Bg4 $1 32. Rxc6 Bxh5 33. Re1
{(Shirov). The last chance gives} Nxg2 $1 34. Kxg2 fxe5) 31. Qf3 Nxd1 32. Nd6
$1 {White threatens mate in one.} Qa7 33. Nxc8 Qd7 34. Nd6 (34. Nd6 Nxb2 35.
Qc6 $1 {ends nicely.}) 1-0

[Event "Linares"]
[Site "15"]
[Date "1998.??.??"]
[Round "3"]
[White "Svidler, Peter"]
[Black "Ivanchuk, Vassily"]
[Result "1-0"]
[WhiteElo "2690"]
[BlackElo "2740"]
[Annotator "JvR"]
[PlyCount "97"]
[EventDate "1998.??.??"]

1. e4 c5 2. Nf3 d6 3. d4 cxd4 4. Nxd4 Nf6 5. Nc3 a6 6. Be2 e6 7. O-O Be7 8. a4
O-O 9. f4 Qc7 10. Kh1 Rd8 11. Bf3 Nc6 12. Be3 Ne5 13. Be2 b6 14. Qe1 Nc4 15.
Bc1 Bb7 16. b3 Na5 17. Bf3 Nd7 18. Bb2 Bf6 19. Rd1 Rac8 20. f5 Bxd4 21. Rxd4
Nc6 22. Rd2 Nce5 23. fxe6 fxe6 24. Be2 Nc5 25. Qg3 Rf8 26. Rfd1 Rcd8 27. Qe3
Bc6 28. Ba3 a5 29. h3 h6 30. Rd4 Rf6 31. Bb2 Nb7 32. R4d2 Rff8 33. Kg1 Nc5 34.
Rd4 Kh7 35. Bh5 Rd7 36. Nb5 Bxb5 37. axb5 Qd8 38. Qg3 Qe7 39. Kh2 Kg8 40. Bc1
Qf6 41. Be3 Kh8 42. R1d2 Kh7 43. Bd1 Qe7 44. Bh5 Qf6 45. Bd1 Qe7 46. c3 Rf6 47.
b4 {Svidler has set a trap.} Nb7 $4 ({Right is} 47... axb4 48. cxb4 Rg6 $1 49.
Qf4 Nb3 $1 50. Bxb3 Ng4+ $1 51. hxg4 Qh4+ 52. Kg1 Qe1+ {with perpetual check.})
48. Qxe5 $1 dxe5 49. Rxd7 1-0

[Event "Linares"]
[Site "15"]
[Date "1998.??.??"]
[Round "4"]
[White "Kramnik, Vladimir"]
[Black "Shirov, Alexei"]
[Result "1/2-1/2"]
[WhiteElo "2790"]
[BlackElo "2710"]
[Annotator "JvR"]
[PlyCount "92"]
[EventDate "1998.??.??"]

1. Nf3 Nf6 2. c4 g6 3. Nc3 Bg7 4. e4 d6 5. d4 O-O 6. Be2 e5 7. O-O Nc6 8. d5
Ne7 9. b4 Nh5 10. Re1 f5 11. Ng5 Nf6 12. Bf3 c6 13. Be3 cxd5 14. cxd5 h6 15.
Ne6 Bxe6 16. dxe6 fxe4 17. Nxe4 Nxe4 18. Bxe4 d5 19. Bc2 b6 20. Qg4 Rf6 21. Bb3
Qd6 22. Rad1 Rd8 23. b5 Qxe6 24. Qxe6+ (24. Qa4 {was played in Gligoric-Nataf,
Cannes 1998.}) 24... Rxe6 25. Bc1 Kf7 26. Ba3 e4 27. g3 Rd7 28. Bxe7 Kxe7 29.
Rxd5 Rxd5 30. Bxd5 Bc3 31. Re2 Re5 32. Bxe4 g5 33. a4 Kd6 $6 ({Kramnik prefers
} 33... Kf6 $5) 34. Kg2 Kc5 35. f4 gxf4 36. gxf4 Re6 37. Kf3 Rd6 38. Kg4 ({Or} 
38. Bf5 $1 Rd1 $1 39. Kg4 Rg1+ 40. Kh5 Rf1 41. Re4 Bd2 {(Kramnik).}) 38... Rd2
$1 39. Rg2 Kd4 40. Bc6 Rxg2+ 41. Bxg2 Bd2 42. Bf3 Bc1 43. Bd1 Bd2 44. Bc2 Bc1
45. f5 Ke5 46. Kh5 Kf6 1/2-1/2

[Event "Linares"]
[Site "15"]
[Date "1998.??.??"]
[Round "4"]
[White "Topalov, Veselin"]
[Black "Svidler, Peter"]
[Result "1/2-1/2"]
[WhiteElo "2740"]
[BlackElo "2690"]
[Annotator "JvR"]
[PlyCount "83"]
[EventDate "1998.??.??"]

1. d4 Nf6 2. c4 g6 3. Nc3 d5 4. cxd5 Nxd5 5. e4 Nxc3 6. bxc3 Bg7 7. Bb5+ c6 8.
Ba4 O-O 9. Ne2 c5 10. O-O Nc6 11. Be3 Na5 12. Rb1 Nc4 13. Bg5 h6 14. Bh4 b6 $2
{A positional blunder.} 15. Bc6 $1 Rb8 16. Bd5 $1 Ba6 17. Qd3 b5 18. a4 cxd4
19. Nxd4 Bxd4 {Black has to make awful concessions.} 20. cxd4 Nd6 21. Rfc1 Rb6
$6 ({Svidler prefers} 21... Bb7 $1 22. Bxb7 Rxb7 23. axb5 Qd7) 22. a5 Rb8 23.
Rc6 Bb7 24. e5 $1 Nf5 (24... Bxc6 $4 25. Qxg6+ Kh8 26. Qxh6+ Kg8 27. Rb3 {
(Ftacnik).}) 25. Rxg6+ Kh8 26. Bxf7 $1 Rxf7 {The assault has switched to the
kingside.} 27. e6 $2 ({White misses the win} 27. Bf6+ $1 exf6 28. Qxf5 Qd5 (
28... Qf8 {(Svidler)} 29. e6 $1 Rc7 30. h3) 29. Rxh6+ Kg8 30. Qg4+ Rg7 31. Rg6
Qf7 32. Rxg7+ Qxg7 33. Qxg7+ Kxg7 34. Rxb5 a6 35. Rb6) 27... Rf8 28. Bg3 Kh7
29. Rg4 Rc8 $2 {Black fails tactically.} ({A great fight proceeds in} 29... h5
$1 30. Rxb5 $1 Qc8 $1 31. Rc5 {(Svidler)} hxg4 $1 32. Bxb8 Qxe6 33. Bxa7) 30.
Be5 $1 {White threatens 31.Rg7+.} Rc5 $1 31. Rg7+ Kh8 32. dxc5 Nxg7 (32... Qxd3
$2 33. Rg3+) 33. Qg6 Rf6 $1 34. Bxf6 exf6 35. Qxh6+ Kg8 36. Re1 $2 ({Correct is
} 36. Qg6) 36... Nxe6 $1 37. h4 Ng7 38. Qf4 Qd5 39. Qg3 $2 ({He still wins in} 
39. Qg4 $1 Qxc5 40. Qg6 Bc6 41. Qxf6 Qd5 42. Qg6) 39... Kf7 $1 40. Qc7+ Kg6 41.
Qg3+ Kf7 42. Qc7+ {Both players fought impressively.} 1/2-1/2

[Event "Linares"]
[Site "15"]
[Date "1998.??.??"]
[Round "6"]
[White "Kramnik, Vladimir"]
[Black "Kasparov, Gary"]
[Result "1/2-1/2"]
[WhiteElo "2790"]
[BlackElo "2825"]
[Annotator "JvR"]
[PlyCount "51"]
[EventDate "1998.??.??"]

1. Nf3 c5 2. c4 Nf6 3. Nc3 d5 4. cxd5 Nxd5 5. d4 Nxc3 6. bxc3 g6 7. e4 Bg7 8.
Rb1 O-O 9. Be2 cxd4 10. cxd4 Qa5+ 11. Bd2 Qxa2 12. O-O Bg4 13. Bg5 h6 14. Be3
Nc6 15. d5 Ne5 16. Rxb7 e6 17. Re1 Bxf3 18. gxf3 Rfd8 19. d6 Qa5 20. Rf1 Bf8 $1
{Kasparov improves the theory.} 21. d7 Qa2 $1 22. Re1 Qa5 $1 23. Rf1 Qa2 24.
Bb5 a6 25. Bd4 ({Khalifman will play} 25. Ba4 $1 Nxf3+ 26. Kg2 Nh4+ 27. Kh3 {
against Lékó in Linares 2000.}) 25... Bg7 26. Bxe5 1/2-1/2

[Event "Linares"]
[Site "15"]
[Date "1998.??.??"]
[Round "6"]
[White "Shirov, Alexei"]
[Black "Svidler, Peter"]
[Result "1-0"]
[WhiteElo "2710"]
[BlackElo "2690"]
[Annotator "JvR"]
[PlyCount "55"]
[EventDate "1998.??.??"]

1. e4 c5 2. Nf3 d6 3. d4 cxd4 4. Nxd4 Nf6 5. Nc3 a6 6. Be3 e5 7. Nb3 Be6 8. Qd2
Nbd7 9. f3 h5 10. O-O-O Rc8 11. Kb1 Be7 12. Nd5 Bxd5 $5 13. exd5 Nb6 $1 14.
Bxb6 Qxb6 15. g3 O-O 16. Bh3 Ra8 $1 17. Rhe1 a5 18. a4 Qc7 $2 ({Shirov advices
} 18... Qb4 19. Qxb4 axb4 20. f4 e4 21. Bf5 Rxa4 22. Bxe4) 19. Bf1 $1 Rfc8 20.
Bb5 Bf8 21. f4 $1 {Black suffers from restraint. White takes advantage on the
kingside.} exf4 ({Little better is} 21... e4 22. Re2 Qb6 23. Qd4 Qxd4 24. Rxd4)
22. gxf4 Qb6 23. Re2 Ne8 $5 24. f5 Nc7 $5 {The counteraction comes too late.}
25. f6 $1 {The attack ends wonderfully.} g6 ({Or} 25... Nxb5 $1 26. fxg7 $1
Bxg7 27. Rg2 Rc4 $1 28. axb5 Rg4 29. Rxg4 hxg4 30. Qg5 Qxb5 31. Qxg4 Qe8 32.
Nd4 Qe5 33. c3 $18 {and White wins (Ftacnik).}) 26. Bd7 Rd8 27. Be6 $1 Re8 ({
Shirov's point is} 27... fxe6 28. Qg5 Kf7 29. Rg2 Ke8 30. dxe6 Nxe6 31. Qxg6+
Kd7 32. Qf7+) 28. Qg5 1-0

[Event "Linares"]
[Site "15"]
[Date "1998.??.??"]
[Round "7"]
[White "Anand, Viswanathan"]
[Black "Kramnik, Vladimir"]
[Result "1/2-1/2"]
[WhiteElo "2770"]
[BlackElo "2790"]
[Annotator "JvR"]
[PlyCount "56"]
[EventDate "1998.??.??"]

1. e4 c5 2. Nf3 Nc6 3. d4 cxd4 4. Nxd4 Nf6 5. Nc3 e5 6. Ndb5 d6 7. Bg5 a6 8.
Na3 b5 9. Bxf6 gxf6 10. Nd5 f5 11. c3 Bg7 12. exf5 Bxf5 13. Nc2 O-O 14. Nce3
Be6 15. Bd3 f5 16. O-O e4 ({Kramnik played} 16... Ra7 {against Shirov in round
five.}) 17. Nf4 Bf7 18. Bc2 Be5 19. Nfd5 Qg5 20. f4 exf3 21. Qxf3 Bh5 22. Qf2 (
{White misses the opportunity} 22. Qh3 $1 f4 23. Nc7 $1 {(Kramnik).}) 22... f4
23. h4 Qd8 24. Nf5 Bg6 25. Nd4 Nxd4 26. cxd4 Bxc2 27. dxe5 dxe5 28. Qc5 Rf7
1/2-1/2

[Event "Linares"]
[Site "15"]
[Date "1998.??.??"]
[Round "8"]
[White "Ivanchuk, Vassily"]
[Black "Kramnik, Vladimir"]
[Result "1/2-1/2"]
[WhiteElo "2740"]
[BlackElo "2790"]
[Annotator "JvR"]
[PlyCount "148"]
[EventDate "1998.??.??"]

1. e4 c5 2. Nf3 Nc6 3. d4 cxd4 4. Nxd4 Nf6 5. Nc3 d6 6. Bc4 Qb6 7. Ndb5 a6 8.
Be3 Qd8 9. Nd4 Ng4 10. Nxc6 bxc6 11. Qf3 Ne5 12. Qe2 e6 13. O-O-O Be7 14. Bd4
Qc7 15. Bxe5 dxe5 16. Na4 O-O 17. Rd3 Qa5 18. b3 Rb8 19. Qd2 Qxd2+ 20. Kxd2 g6
21. Rd1 Kg7 22. Ke2 a5 23. Rc3 Bb4 24. Rcd3 Be7 25. g3 h5 26. h4 f5 $2 (26...
f6 {keeps the position closed.}) 27. Rc3 Bb4 28. Re3 Kf6 29. f4 exf4 30. e5+ $1
Kf7 31. gxf4 Be7 32. Red3 $1 {The rooks utilise the open file.} Bxh4 33. Nc5 ({
Later Ivanchuk finds the win} 33. Rd6 $1 Re8 34. Rxc6) 33... Be7 34. Rd6 $1
Bxd6 35. exd6 Rd8 36. d7 Ke7 ({The pointe is} 36... Bb7 37. Rd6 h4 38. Rxe6)
37. dxc8=N+ Rbxc8 38. Rxd8 Rxd8 39. Nxe6 Rh8 40. Ng5 h4 41. Nh3 Kf6 42. Kf2 $6
(42. a4 {prevents counter-play.}) 42... Rd8 43. Bd3 a4 $1 44. Ng5 a3 $1 45. Nf3
c5 $1 46. Ng5 Rd4 47. Kf3 Rd7 48. Ke3 Rd8 $1 49. Nf3 Re8+ 50. Kf2 Rd8 51. Nxh4
c4 $3 {kramnik's defence is based on the vulnerability of a2.} 52. bxc4 Rb8 53.
c5 Rb2 54. c6 Ke7 55. Nxg6+ Kd6 56. Ne5 Rxa2 57. Nc4+ Kc7 $5 58. Kg3 ({Avoids
the trap} 58. Bxf5 $4 Rxc2+ $1) 58... Ra1 59. Nxa3 Rxa3 60. Kh4 Kxc6 61. Kg5
Ra5 62. Bxf5 Kd6 63. Kg4 Ke7 64. Bd3 Rc5 65. Kf3 Kd6 66. Ke4 Rh5 67. c4 Rh4 68.
Kf5 Kc5 69. Ke5 Rh3 70. Ke4 Rh4 71. Be2 Rh2 72. Kf3 Kd4 73. Bf1 Rh1 74. Kf2 Rh8
1/2-1/2